Dictionnaire historique des peintres (Record no. 5690)
[ view plain ]
| 000 -CABECERA | |
|---|---|
| campo de control de longitud fija | 00811nam a2200253 a 4500 |
| 001 - NÚMERO DE CONTROL | |
| campo de control | BRCA_6001 |
| 005 - FECHA Y HORA DE LA ÚLTIMA TRANSACCIÓN | |
| campo de control | 20190320205308.0 |
| 008 - DATOS DE LONGITUD FIJA--INFORMACIÓN GENERAL | |
| campo de control de longitud fija | 310311s1874----fr-a######---#000-0#fre-# |
| 041 ## - CÓDIGO DE LENGUA | |
| Código de lengua del texto/banda sonora o título independiente | fre |
| 044 ## - CÓDIGO DEL PAÍS DE LA ENTIDAD EDITORA/PRODUCTORA | |
| Código MARC del país | fr |
| 050 #4 - SIGNATURA TOPOGRÁFICA DE LA BIBLIOTECA DEL CONGRESO | |
| Número de clasificación | ND35 |
| Número de documento/Ítem | .S57 1874 |
| 100 1# - ENTRADA PRINCIPAL--NOMBRE DE PERSONA | |
| Nombre de persona | Siret, Adolphe |
| Fechas asociadas al nombre | 1818-1888 |
| 9 (RLIN) | 15157 |
| 245 10 - MENCIÓN DE TÍTULO | |
| Título | Dictionnaire historique des peintres |
| Resto del título | de toutes les écoles depuis l´origine de la peinture jusqu´a nos jours |
| Mención de responsabilidad, etc. | par Adolphe Siret. |
| 260 ## - PUBLICACIÓN, DISTRIBUCIÓN, ETC. | |
| Lugar de publicación, distribución, etc. | París |
| Nombre del editor, distribuidor, etc. | A. Lacroix |
| Fecha de publicación, distribución, etc. | 1874 |
| 300 ## - DESCRIPCIÓN FÍSICA | |
| Extensión | 1068 p. |
| Otras características físicas | il. |
| Dimensiones | 24 cm. |
| 500 ## - NOTA GENERAL | |
| Nota general | Estado físico: dos hojas desprendidas |
| 500 ## - NOTA GENERAL | |
| Nota general | Encuadernación por Celso Jara |
| 500 ## - NOTA GENERAL | |
| Nota general | G110 |
| 650 14 - PUNTO DE ACCESO ADICIONAL DE MATERIA--TÉRMINO DE MATERIA | |
| Término de materia o nombre geográfico como elemento de entrada | Pintores |
| Subdivisión de forma | Diccionarios |
| 9 (RLIN) | 15158 |
| 650 14 - PUNTO DE ACCESO ADICIONAL DE MATERIA--TÉRMINO DE MATERIA | |
| Término de materia o nombre geográfico como elemento de entrada | Pintores |
| Subdivisión de forma | Biografías |
| 9 (RLIN) | 15159 |
| 650 14 - PUNTO DE ACCESO ADICIONAL DE MATERIA--TÉRMINO DE MATERIA | |
| Término de materia o nombre geográfico como elemento de entrada | Enciclopedias y diccionarios |
| 9 (RLIN) | 9441 |
| 902 ## - CATALOGADOR | |
| Iniciales | GFM |
| 942 ## - ELEMENTOS DE PUNTO DE ACCESO ADICIONAL (KOHA) | |
| Fuente del sistema de clasificación o colocación | Library of Congress Classification |
| Tipo de ítem Koha | Libros |
| Estado de retiro | Estado de pérdida | Estado dañado | No para préstamo | Localización permanente | Ubicación/localización actual | Fecha de adquisición | Número de inventario | Total de préstamos | Signatura topográfica completa | Código de barras | Fecha visto por última vez | Precio válido a partir de | Tipo de ítem Koha |
|---|---|---|---|---|---|---|---|---|---|---|---|---|---|
| El ejemplar forma parte de la colección y puede ser consultado según las políticas vigentes. | Biblioteca del Museo Franz Mayer (Rogerio Casas-Alatriste) | Biblioteca del Museo Franz Mayer (Rogerio Casas-Alatriste) | 31/03/2011 | G110 | ND35 .S57 1874 (G110) | 6440 | 22/03/2019 | 22/03/2019 | Libros |